La météo A-Z - Statistiques

Statistiques générales
  • Ce quiz a été pris 177 fois
  • Le résultat moyen est 15 sur 20
Statistiques - réponses
Lettre Indice Réponse % Correct
A Enveloppe gazeuse qui entoure la Terre. Atmosphère
97%
C Phénomène, de températures anormalement élevées, diurnes et nocturnes, durant plusieurs jours ou plusieurs semaines. Canicule
93%
L Satellite de la Terre ayant un rôle important sur les marées. Lune
89%
F Décharge électrique sous un cumulonimbus, nommée ainsi quand elle a touché le sol. Foudre
88%
T Tourbillon de vent extrêmement violent, prenant naissance sous un cumulonimbus. Tornade
87%
U Rayonnement électromagnétique de longueur d'onde inférieure à la lumière visible, c'est avec eux (avec modération ;) ) que l'on peut bronzer. Ultraviolet
86%
O Perturbation associée au cumulonimbus, qui engendre de fortes pluies, des décharges électriques, accompagnées du tonnerre. Orage
84%
N Important en météo, masse visible en suspension dans l'air, principalement constituée d'eau. Nuage
83%
V Dépôt de glace provenant d'une pluie qui se congèle en entrant en contact avec le sol. Verglas
80%
D Zone de basses pressions atmosphériques souvent associée à du temps perturbé. Dépression
79%
M Vent régional souvent froid de la vallée du Rhône venant par le Nord. Mistral
77%
S La France métropolitaine en possède 4, ce sont des époques de l'année caractérisées par un certain climat. Saison
77%
B Nuage bas constitué d'un amas de fines gouttelettes. Brouillard
69%
I Submersion temporaire, naturelle ou artificielle, d'un espace par de l'eau liquide. Inondation
68%
K Unité de la température où le "zéro absolu" : 0 K = −273,15 °C. Kelvin
64%
P Cela désignent toutes les formes de l'eau liquide ou solide, provenant des nuages, qui tombent (souvent) au sol. Précipitations
61%
G Courant océanique se situant en Atlantique, faisant la différence de climat entre la France et le Québec. Gulf Stream
57%
R Renforcement brutal et passager du vent causé par l'instabilité de l'air. Rafale
57%
H Présence d'eau ou de vapeur d'eau dans l'air. Humidité
52%
E Réchauffement anormal de l’océan Pacifique, qui survient chaque 3-7 ans en moyenne, qui est responsable d’un certain nombre d’anomalies climatiques dans le monde. El Niño
36%
Aucun quiz correspondant
Distribution des résultats
% des personnes avec chaque résultat
Percentile par nombre de réponses
Votre historique - résultats
Vous n’avez pas pris ce quiz